Vainqueurs d'un Grand Prix de F1 2019-2024 - Statistiques

Statistiques générales
  • Ce quiz a été pris 321 fois
    96 depuis la dernière actualisation
  • Le résultat moyen est 115 sur 128
Statistiques - réponses
Grand Prix Vainqueur % Correct
Miami 2024 Lando Norris
100%
Abou Dabi 2019 | Allemagne 2020 | Arabie Saoudite 2021 | +28 others Lewis Hamilton
100%
70eme anniversaire | Abou Dabi 2020 | Abou Dabi 2021 | +53 others Max Verstappen
100%
Australie 2022 | Autriche 2022 | Bahrein 2022 | +3 others Charles Leclerc
98%
Hongrie 2024 Oscar Piastri
98%
Australie 2024 | Grande Bretagne 2022 | Singapour 2023 Carlos Sainz
95%
Autriche 2024 | Bresil 2022 George Russel
91%
Arabie saoudite 2023 | Azerbaidjan 2021 | Azerbaidjan 2023 | +3 others Sergio Perez
91%
Italie 2020 Pierre Gasly
86%
Hongrie 2021 Esteban Ocon
85%
Australie 2019 | Autriche 2020 | Azerbaidjan 2019 | +4 others Valtteri Bottas
83%
Italie 2021 Daniel Ricciardo
71%
Singapour 2019 Sebastian Vettel
65%
Abou Dabi 2024 | Pays-Bas 2024 | Singapour 2024 Lando Norris
17%
Etats-Unis 2024 | Italie 2024 Charles Leclerc
14%
Brésil 2024 | Qatar 2024 Max Verstappen
14%
Mexique 2024 Carlos Sainz
12%
Las Vegas 2024 George Russel
11%
Azerbaidjan 2024 Oscar Piastri
11%
Belgique 2024 Lewis Hamilton
9%
Aucun quiz correspondant
Distribution des résultats
% des personnes avec chaque résultat
Percentile par nombre de réponses
Votre historique - résultats
Vous n’avez pas pris ce quiz depuis la dernière actualisation